| 000 | 00794cab a2200217 4500 | ||
|---|---|---|---|
| 001 | WB2630-12 | ||
| 008 | 090401t1990 xxu||||| |||| 00| 0 eng d | ||
| 035 | _a(Sirsi) u29046 | ||
| 041 | _aeng | ||
| 245 | _aEuropean aid | ||
| 260 | _c1990 | ||
| 350 | _a0 | ||
| 490 |
_aDTI Press Notice _v(466) 30 July 1990, (469) 30 July 1990 (3) |
||
| 520 | _aThe UK has submitted two programmes to the European Commission for regional assistance under the RENAVAL and RECHAR grant aid schemes; one programme is for the regeneration of areas in the North-east affected by the decline in shipbuilding , the other is for areas affected by the demise of coalmining . | ||
| 650 | _aERDF | ||
| 650 | _aEUROPE | ||
| 650 | _aMINING | ||
| 690 | _aECONOMIC AND SOCIAL | ||
| 942 | _n0 | ||
| 948 | _c04/03/1997 | ||
| 999 |
_c19550 _d19550 |
||